|
|
|
|
| LEADER |
01099nam a2200265 a 4500 |
| 001 |
2633207 |
| 008 |
090519r19891985sz bf i000 0 eng d |
| 010 |
|
|
|a 99197111
|
| 020 |
|
|
|a 9241541709
|
| 040 |
|
|
|a DLC
|c DLC
|d DLC
|
| 082 |
0 |
0 |
|a 363.6/1/0218
|2 21
|
| 110 |
2 |
|
|a World Health Organization.
|
| 245 |
1 |
0 |
|a Guidelines for drinking-water quality.
|p Addendum to volume 3, Drinking Water quality control in small-community supplies.
|
| 250 |
|
|
|a 2nd ed.
|
| 260 |
|
|
|a Geneva :
|b World Health Organization,
|c 1985 [Reprinted 1989]
|
| 300 |
|
|
|a viii, 283 p. ;
|c 24 cm.
|
| 362 |
|
|
|a vol.3
|
| 500 |
|
|
|a "WHO/EOS/98.1."
|
| 504 |
|
|
|a Includes bibliographical references.
|
| 541 |
1 |
|
|e 00004159
|
| 650 |
|
0 |
|a Drinking water
|x Standards
|v Handbooks, manuals, etc.
|
| 710 |
2 |
|
|a World Health Organization.
|t Guidelines for drinking-water quality.
|n v. 2.
|
| 852 |
4 |
|
|a Ayesha Abed Library
|j General shelf
|
| 999 |
|
|
|c 8577
|d 8577
|
| 952 |
|
|
|0 0
|1 0
|2 ddc
|4 0
|6 363_610218000000000_GUI_1989
|7 0
|9 10200
|a BRACUL
|b BRACUL
|c GEN
|d 2010-05-16
|g 0.00
|l 0
|o 363.610218 GUI
|p 3010004159
|r 2010-05-16
|t 1
|w 2010-05-16
|y BK
|z Not price in Register
|